| 000 | 01125nam a2200361 c 4500 | ||
|---|---|---|---|
| 001 | 58419 | ||
| 003 | CO-BoRNBP | ||
| 005 | 20250822150038.0 | ||
| 007 | ta | ||
| 008 | 160825t2018 ck gr 001 0|spa | | ||
| 020 | _a9584266659 | ||
| 020 | _a9789584266651 | ||
| 040 |
_aCO-BoRNBP _bspa _erda _cCO-BoRNBP |
||
| 041 | _aspa | ||
| 082 |
_a320 _bW64f |
||
| 100 | 1 |
_aWolff, Michael, _d1953- _eaut _963143 |
|
| 245 | 1 | 0 |
_aFuego y furia : _b;. |
| 250 | _aPrimera | ||
| 264 | 1 |
_aBogotá, Colombia : _bPlaneta Colombiana S.A., _c2018 |
|
| 300 | _a367 páginas | ||
| 336 |
_atexto _btxt _2rdacontent |
||
| 337 |
_asin mediación _bn _2rdamedia |
||
| 338 |
_avolumen _bnc _2rdacarrier |
||
| 490 | 0 | _aTemas de hoy | |
| 600 | 1 | 7 |
_aTrump, Donald John, _d-1946 _963144 |
| 650 | 0 | 7 |
_aEstados Unidos _y2009-2017 _xPolítica y gobierno _2lemb _963145 |
| 650 | 0 | 7 |
_aPensamiento político y social _2LEMB _963146 |
| 700 |
_aPeña Molatore, María Estela _963147 |
||
| 700 |
_aSolana Olivares, María Teresa _963148 |
||
| 700 | 1 |
_aGarcía Martínez, Alma Alexandra _963149 |
|
| 700 | 1 |
_aHernández Cruz, Mariana _963150 |
|
| 942 |
_2ddc _cBK |
||
| 999 |
_c58419 _d58419 |
||